=LDR 00000nam 2200000 4500 =001 INLIS000000000008450 =005 20130612100321 =008 ***********************************Ind** =035 ##$$0010-061300000008450 =041 ##$$a Ind =082 ##$$a 297.130 =090 ##$$a 297.130, Shi k =100 ##$$a Shiddiegy, Hasbi =245 ##$$a Koleksi Hadis - Hadis Hukum, prof.Hasbi.Ash Shiddiegy =260 ##$$a 1976 $b Bandung =300 ##$$a 405 hlm, 21 cm =650 ##$$a hadits